Municipis de la vegueria de l'àmbit metropolità, amb mapa - Statistics

General Stats
  • This quiz has been taken 481 times
  • The average score is 12 of 20
Answers on the Map
Answers color-coded by a green-red scale on the quiz's map according to % correct below.
 
Answer Stats
Answer % Correct
Barcelona
100%
Begues
100%
Castellar del Vallès
100%
Collbató
100%
Gavà
100%
Sabadell
100%
Sant Adrià de Besòs
100%
Sant Cugat del Vallès
100%
Tiana
100%
Viladecans
100%
Cabrera de Mar
92%
Castellterçol
92%
L'Hospitalet de Llobregat
92%
Vilanova i la Geltrú
92%
Badalona
91%
Cornellà de Llobregat
91%
Malgrat de Mar
91%
Alella
88%
Mataró
88%
Santa Susanna
88%
Cubelles
86%
Sant Feliu de Llobregat
86%
Vilafranca del Penedès
86%
Ripollet
85%
Sant Boi de Llobregat
85%
Tordera
85%
Arenys de Munt
83%
Parets del Vallès
83%
Matadepera
82%
Terrassa
82%
Santa Perpètua de Mogoda
81%
Cerdanyola del Vallès
80%
Esplugues de Llobregat
80%
Lliçà de Vall
80%
Rubí
80%
Vilassar de Dalt
80%
Santa Maria de Martorelles
79%
Arenys de Mar
78%
Argentona
78%
La Granada
78%
Martorell
78%
Montcada i Reixac
77%
Sant Just Desvern
77%
Gallifa
75%
Palau-solità i Plegamans
75%
Sant Antoni de Vilamajor
75%
Sant Celoni
75%
Sant Iscle de Vallalta
75%
Teià
75%
Vacarisses
75%
Esparreguera
74%
Polinyà
74%
Rellinars
73%
Sant Quintí de Mediona
73%
Badia del Vallès
71%
Calella
71%
Dosrius
71%
El Masnou
71%
Molins de Rei
71%
Montgat
71%
Premià de Dalt
71%
Sant Fost de Campsentelles
71%
Sant Joan Despí
71%
Santa Coloma de Gramenet
70%
Sant Climent de Llobregat
70%
Sant Llorenç d'Hortons
70%
Sant Pere de Ribes
70%
Caldes d'Estrac
67%
Canet de Mar
67%
Castellbisbal
67%
Castellet i la Gornal
67%
El Papiol
67%
El Prat de Llobregat
67%
Mediona
67%
Pacs del Penedès
67%
Pineda de Mar
67%
Sant Andreu de Llavaneres
67%
Sentmenat
67%
Sitges
67%
Vallirana
67%
Aiguafreda
64%
Barberà del Vallès
64%
Canyelles
64%
Pallejà
64%
Sant Pol de Mar
64%
Subirats
64%
Canovelles
63%
Castelldefels
63%
Òrrius
63%
Premià de Mar
63%
Sant Cebrià de Vallalta
63%
Cabrils
62%
Corbera de Llobregat
62%
Santa Margarida i els Monjos
62%
Sant Quirze del Vallès
62%
Vilassar de Mar
62%
L'Ametlla del Vallès
60%
Palafolls
60%
Santa Fe del Penedès
60%
Ullastrell
60%
Castellcir
58%
Gelida
58%
El Pla del Penedès
57%
Lliçà d'Amunt
57%
Caldes de Montbui
56%
La Roca del Vallès
56%
Olivella
56%
Santa Maria de Palautordera
56%
La Palma de Cervelló
55%
Montmeló
55%
Montornès del Vallès
55%
Santa Coloma de Cervelló
55%
Olèrdola
54%
Sant Feliu de Codines
54%
Viladecavalls
54%
Sant Andreu de la Barca
53%
Sant Quirze Safaja
53%
Sant Sadurní d'Anoia
53%
Abrera
50%
Campins
50%
Cardedeu
50%
Figaró-Montmany
50%
Gualba
50%
Les Franqueses del Vallès
50%
Llinars del Vallès
50%
Mollet del Vallès
50%
Montseny
50%
Sant Esteve Sesrovires
50%
Sant Pere de Riudebitlles
50%
Sant Llorenç Savall
47%
Vilobí del Penedès
47%
La Garriga
46%
Torrelavit
45%
Tagamanent
44%
Pontons
43%
Sant Vicenç dels Horts
42%
Avinyonet del Penedès
40%
Bigues i Riells
40%
Cervelló
40%
La Llagosta
40%
Santa Eulàlia de Ronçana
40%
Vilanova del Vallès
40%
Fogars de Montclús
38%
Olesa de Bonesvalls
38%
Vallromanes
38%
Torrelles de Llobregat
36%
Cànoves i Samalús
33%
Les Cabanyes
33%
Sant Vicenç de Montalt
33%
Granera
31%
Granollers
31%
Martorelles
31%
Olesa de Montserrat
30%
Vilalba Sasserra
30%
Torrelles de Foix
29%
Puigdàlber
27%
Sant Martí Sarroca
27%
Vallgorguina
27%
Castellví de la Marca
25%
Sant Cugat Sesgarrigues
24%
Sant Esteve de Palautordera
21%
Font-rubí
20%
Castellví de Rosanes
19%
Sant Pere de Vilamajor
18%
No matching quizzes found
Score Distribution
Percent of People with Each Score
Percentile by Number Answered
Your Score History
You have not taken this quiz